| 000 | 00423nam a22001697a 4500 | ||
|---|---|---|---|
| 020 | _a9789390790913 | ||
| 082 |
_aM 001.42 _bASH/G |
||
| 100 | _aAshok D'cruz | ||
| 245 |
_aGaveshanavum prasideekarana nythikathayum/ _cby Ashok Decruz |
||
| 250 | _a8 | ||
| 260 |
_aKozhikode: _bAtma books, _c2025. |
||
| 300 | _a166p. | ||
| 650 | _aResearch | ||
| 650 | _aPublication ethics | ||
| 650 | _aPhD course work | ||
| 942 | _cBK | ||
| 999 |
_c181926 _d181926 |
||